| 000 | 00709nam a2200289Ia 4500 | ||
|---|---|---|---|
| 008 | 160803s9999 xx 000 0 und d | ||
| 020 | _a0 439104726 | ||
| 100 | _aWells, Rosemary | ||
| 245 | _aYoko / | ||
| 245 | _cRosemary Wells. | ||
| 260 | _aNew York : | ||
| 260 | _bScholastic Inc. | ||
| 260 | _c1998 | ||
| 300 | _a30 unnumbered pages : | ||
| 300 | _bcolor illustrations ; | ||
| 300 | _c24 cm | ||
| 500 | _aNew York : Hyperion Books for Children, c1998. | ||
| 650 | _aAnimals -- | ||
| 650 | _aFood -- | ||
| 650 | _aJapanese Americans -- | ||
| 650 | _aSchools -- | ||
| 650 | _xFiction. | ||
| 650 | _xFiction. | ||
| 650 | _xFiction. | ||
| 650 | _xFiction. | ||
| 700 | _a470 | ||
| 999 |
_c299344 _d299344 |
||